History Quiz

Random History or Discovery Quiz

Famous From the 19th Century II Quiz Stats

 Plays Quiz Updated Mar 3, 2020

Support Sporcle.
Go Orange.
Score 0/78 Timer 10:00
4 Plays Today
Person Missing % Correct
___ LincolnAbraham
99.3%
Napoléon ___Bonaparte
93.9%
Charles ___Darwin
88.8%
Sitting ___Bull
88.8%
Rudyard ___Kipling
82.8%
___ VerneJules
81.6%
Robert E. ___Lee
81.3%
Susan B. ___Anthony
81.1%
Emily ___Brontë
80.9%
___ StraussLevi
80.9%
Mark ___Twain
80.1%
Robert ___ StevensonLouis
79.2%
King ___ IVGeorge
78.8%
John ___ AdamsQuincy
78.4%
Victor ___Hugo
76%
___ MelvilleHerman
75.9%
___ WhitmanWalt
75%
___ DickinsonEmily
73.9%
Crazy ___Horse
73.4%
Simón ___Bolívar
73.1%
___ TubmanHarriet
72.7%
Alexandre ___Dumas
72.7%
Louisa __ AlcottMay
71.6%
'___ Bill' CodyBuffalo
70.2%
Nathaniel ___Hawthorne
68.7%
Alfred ___Nobel
66.3%
Francis Scott ___Key
66.2%
Nikola ___Tesla
65.1%
___ DavisJefferson
64.6%
'___' HollidayDoc
62.5%
Claude ___Monet
61.9%
___ JamesJesse
61.1%
Gregor ___Mendel
61%
Henry David ___Thoreau
60.7%
Queen ___ IIIsabella
59.7%
___ BartonClara
55.6%
Johannes ___Brahms
55.4%
Doctor ___Livingstone
55%
Fyodor ___Dostoevsky
54.6%
Person Missing % Correct
John ___Brown
53.7%
'___' JaneCalamity
53.2%
William Tecumseh ___Sherman
52.1%
Richard ___Wagner
50.1%
Duke of ___Wellington
49.9%
__________Sacagawea
46.2%
Percy Bysshe ___Shelley
45.6%
'___' CarsonKit
45%
Henry ___ LongfellowWadsworth
44.9%
Giuseppe ___Verdi
43.3%
___ BabbageCharles
42.2%
___ A. DouglasStephen
41.7%
James ___Whistler
40.8%
George ___Eastman
40.7%
Henrik ___Ibsen
40.7%
___ BrowningRobert
39.9%
George ___Pullman
37%
Edgar ___Degas
36.1%
James A. ___Naismith
35.6%
'___' MastersonBat
35.3%
Anton ___Chekhov
35.1%
Elisha ___Otis
34.8%
Daniel ___Webster
34%
Robert ___Fulton
33.4%
___ LafitteJean
33.2%
Antonín ___Dvořák
32.6%
Nikolai Rimsky-___Korsakov
31.4%
Franz ___Schubert
29.8%
Giacomo ___Puccini
29.4%
Winslow ___Homer
28.9%
Giuseppe ___Garibaldi
28.5%
'The ___ Kid'Sundance
28%
Pierre-Auguste ___Renoir
26.1%
Søren ___Kierkegaard
25.8%
Rudolf ___Diesel
24.2%
Jedediah ___Smith
22.5%
Felix ___Mendelssohn
22.2%
Georg Wilhelm Friedrich ___Hegel
13.3%
Daniel ___O'Connell
7.8%

From the Vault

Quick-Typing Grid

by goc3

Okay, start with A1 and then...mmmm, A1 Steak Sauce. Wait, what were we doing?
Remove Ads.
Support Sporcle.
Get the best of Sporcle when you Go Orange. This ad-free experience offers more features, more stats, and more fun while also helping to support Sporcle. Thank you for becoming a member.

Show Comments

Extras

Top Quizzes Today


Score Distribution

Your Account Isn't Verified!

In order to create a playlist on Sporcle, you need to verify the email address you used during registration. Go to your Sporcle Settings to finish the process.

Report this User

Report this user for behavior that violates our Community Guidelines.

Details: